Estudio exploratorio - descriptivo, sobre la significación de la identidad sexual en personas bisexuales, desde la perspectiva posracionalista.

Detalles Bibliográficos
Autor principal: Castro Salazar, Inés Andrea
Otros Autores: Molina Jara, Rosa Profesor guía, Soca Guarnieri, Juan José (profesor informante), Zaruzuri Cortés, Raúl Asesor metodológico
Formato: Tesis
Lenguaje:español
Publicado: Santiago, Chile Universidad Academia de Humanismo Cristiano 2002

MARC

LEADER 00000cam a2200000 a 4500
001 047359
003 UAHC_CL
005 20230314114706.0
008 020410b cl 000 spa
040 |a UAHC_CL  |c UAHC_CL  |d UAHC_CL 
100 1 |a Castro Salazar, Inés Andrea 
245 1 0 |a Estudio exploratorio - descriptivo, sobre la significación de la identidad sexual en personas bisexuales, desde la perspectiva posracionalista. 
260 |b Universidad Academia de Humanismo Cristiano  |c 2002  |a Santiago, Chile 
300 |a 207 p. 
500 |a Tesis para optar al Grado de Licenciada en Psicología y el título de Psicóloga 
525 |a Tesis disponible en formato electrónico. Solicitar en Referencia o vía correo electrónico a: lopazo@academia.cl 
700 1 |a Molina Jara, Rosa  |c Profesor guía 
700 1 |a Soca Guarnieri, Juan José  |e profesor informante 
700 1 |a Zaruzuri Cortés, Raúl  |c Asesor metodológico 
900 |a TPSICO 48 
942 |c TS 
952 |0 0  |1 0  |4 0  |6 TPSICO_48_000000000000000  |7 0  |8 General  |9 85290  |a BC  |b BC  |c General  |d 2017-08-03  |l 0  |o TPSICO 48  |p 1322524  |r 2019-01-15 00:00:00  |t 1  |w 2017-08-03  |y BK 
952 |0 0  |1 0  |4 0  |6 TPSICO_48_000000000000000  |7 0  |8 General  |9 85291  |a BC  |b BC  |c General  |d 2017-08-03  |l 0  |o TPSICO 48  |p 1381829  |r 2019-01-15 00:00:00  |t 1  |w 2017-08-03  |y BK 
999 |c 47359  |d 47359